<?xml version="1.0" encoding="UTF-8"?>
<record
    xmlns:xsi="http://www.w3.org/2001/XMLSchema-instance"
    xsi:schemaLocation="http://www.loc.gov/MARC21/slim http://www.loc.gov/standards/marcxml/schema/MARC21slim.xsd"
    xmlns="http://www.loc.gov/MARC21/slim">

  <leader>03889nam a2200457uu 4500</leader>
  <controlfield tag="001">1347168</controlfield>
  <controlfield tag="005">20260508084542.0</controlfield>
  <controlfield tag="008">131017nuuuuuuuu                    spa  </controlfield>
  <datafield tag="020" ind1=" " ind2=" ">
    <subfield code="a">9789585799509</subfield>
  </datafield>
  <datafield tag="035" ind1=" " ind2=" ">
    <subfield code="a">1347168</subfield>
  </datafield>
  <datafield tag="040" ind1=" " ind2=" ">
    <subfield code="c">comduadb</subfield>
  </datafield>
  <datafield tag="041" ind1=" " ind2=" ">
    <subfield code="a">spa</subfield>
  </datafield>
  <datafield tag="080" ind1=" " ind2=" ">
    <subfield code="a">E</subfield>
  </datafield>
  <datafield tag="082" ind1=" " ind2="4">
    <subfield code="a">306</subfield>
  </datafield>
  <datafield tag="111" ind1="2" ind2="0">
    <subfield code="a">Foro Nacional de Cultura Viva y Comunitaria (1 : 2012 : Medell&#xED;n, Colombia),</subfield>
    <subfield code="4">aut</subfield>
    <subfield code="e">aut</subfield>
  </datafield>
  <datafield tag="245" ind1="1" ind2="3">
    <subfield code="a">La cultura es viva y comunitaria, en los barrios y poblados de nuestra Am&#xE9;rica Latina</subfield>
  </datafield>
  <datafield tag="250" ind1=" " ind2=" ">
    <subfield code="a">1. ed.</subfield>
  </datafield>
  <datafield tag="260" ind1=" " ind2=" ">
    <subfield code="b">Ministerio de Cultura de Colombia ;</subfield>
    <subfield code="a">Medell&#xED;n :</subfield>
    <subfield code="b">Corporaci&#xF3;n Cultural Canchimalos,</subfield>
    <subfield code="c">2013.</subfield>
  </datafield>
  <datafield tag="300" ind1=" " ind2=" ">
    <subfield code="a">108 p. : il, col.</subfield>
  </datafield>
  <datafield tag="505" ind1="8" ind2="0">
    <subfield code="t">De la cultura a los procesos de organizaci&#xF3;n social y pol&#xED;tica : a pr&#xF3;posito de la experiencia de Cultura Viva Comunitaria en Colombia</subfield>
  </datafield>
  <datafield tag="520" ind1="3" ind2=" ">
    <subfield code="a">Este Foro form&#xF3; parte de una campa&#xF1;a realizada en tres ciudades del pa&#xED;s : Cali, Bogot&#xE1; y Medell&#xED;n, identificada como Programa Nacional de Cultura Viva Comunitaria, bajo la iniciativa de diversas organizaciones de trabajo cultural comunitario de las tres ciudades y con el respaldo de las tres alcald&#xED;as, el Instituto de Cultura y Patrimonio de Antioquia, y el Ministerio de Cultura.  Esta campa&#xF1;a continental y nacional pretende visibilizar ("des-esconder" como dijera Celio Turino) din&#xE1;micas culturales que de muchas d&#xE9;cadas atr&#xE1;s han venido brotando y floreciendo en la mayor&#xED;a de las ciudades latinoamericanas, como esperanza de vida frente a las violencias y las exclusiones o simplemente como acciones aut&#xF3;nomas de dignificaci&#xF3;n de la vida de las distintas comunidades.  Cultura Viva Comunitaria es entonces una expresi&#xF3;n nueva que nombra, da sentido y visibiliza estas pr&#xE1;cticas culturales inventadas ya hace varias d&#xE9;cadas en los barrios y poblados de nuestros pa&#xED;ses.
RESE&#xD1;A  : Al art&#xED;culo : De la cultura a los procesos de organizaci&#xF3;n social y pol&#xED;tica  : a prop&#xF3;sito de la experiencia de cultura Viva Comunitaria en Colombia (p. 48),  del profesor Luis Alfredo Atehort&#xFA;a Castro : Luego de realizado el Primer Foro Regional de Cultura Viva Comunitaria en Medell&#xED;n entre el 26 y el 29 de septiembre de 2012, en el marco de la campa&#xF1;a continental y nacional por pol&#xED;ticas p&#xFA;blicas de cultura, se puede sostener que en Colombia;, crece el colectivo amplio de organizaciones sociales, actores institucionales y ciudadan&#xED;a en general, que viene irrigando la idea de defender y visibilizar; las experiencias, organizaciones y procesos de Cultura Viva Comunitaria.  Es decir, "aquellas expresiones art&#xED;sticas y culturales que surgen de las comunidades, a partir de la cotidianidad y la vivencia de sus territorios.  Las experiencias de formaci&#xF3;n humana, pol&#xED;tica, art&#xED;stica y cultural que reconoce y potencia las identidades de los grupos poblacionales, el di&#xE1;logo, la cooperaci&#xF3;n</subfield>
  </datafield>
  <datafield tag="650" ind1=" " ind2=" ">
    <subfield code="a">Cultura - Am&#xE9;rica Latina</subfield>
    <subfield code="9">42564</subfield>
  </datafield>
  <datafield tag="650" ind1=" " ind2=" ">
    <subfield code="a">Cultura latinoamericana</subfield>
    <subfield code="9">23209</subfield>
  </datafield>
  <datafield tag="650" ind1=" " ind2="7">
    <subfield code="a">Cultura popular</subfield>
    <subfield code="2">lemb</subfield>
    <subfield code="9">38258</subfield>
  </datafield>
  <datafield tag="650" ind1=" " ind2="7">
    <subfield code="a">Gesti&#xF3;n cultural</subfield>
    <subfield code="2">embne</subfield>
    <subfield code="9">22819</subfield>
  </datafield>
  <datafield tag="650" ind1=" " ind2=" ">
    <subfield code="a">Desarrollo cultural - America Latina</subfield>
    <subfield code="9">4018</subfield>
  </datafield>
  <datafield tag="650" ind1=" " ind2=" ">
    <subfield code="a">Organizaci&#xF3;n social - Colombia</subfield>
    <subfield code="9">205506</subfield>
  </datafield>
  <datafield tag="650" ind1=" " ind2=" ">
    <subfield code="a">Editoriales - Colombia</subfield>
    <subfield code="9">43514</subfield>
  </datafield>
  <datafield tag="650" ind1=" " ind2=" ">
    <subfield code="a">Intelectuales y pol&#xED;tica</subfield>
    <subfield code="9">175177</subfield>
  </datafield>
  <datafield tag="650" ind1=" " ind2=" ">
    <subfield code="a">Medell&#xED;n (Antioquia) - Historia, 1970-1980</subfield>
    <subfield code="9">148361</subfield>
  </datafield>
  <datafield tag="650" ind1=" " ind2="7">
    <subfield code="a">Antropolog&#xED;a de la educaci&#xF3;n</subfield>
    <subfield code="2">lemb</subfield>
    <subfield code="9">10118</subfield>
  </datafield>
  <datafield tag="700" ind1="1" ind2="0">
    <subfield code="a">Castrill&#xF3;n Rold&#xE1;n, Jairo Adolfo</subfield>
    <subfield code="4">com</subfield>
    <subfield code="e">com</subfield>
    <subfield code="9">667863</subfield>
  </datafield>
  <datafield tag="700" ind1="1" ind2="0">
    <subfield code="a">Bland&#xF3;n Cardona, Jorge Iv&#xE1;n</subfield>
    <subfield code="4">aut</subfield>
    <subfield code="e">aut</subfield>
    <subfield code="9">516315</subfield>
  </datafield>
  <datafield tag="700" ind1="1" ind2="0">
    <subfield code="a">Zapata P&#xE9;rez, Pedro</subfield>
    <subfield code="4">aut</subfield>
    <subfield code="e">aut</subfield>
    <subfield code="9">652648</subfield>
  </datafield>
  <datafield tag="700" ind1="1" ind2="0">
    <subfield code="a">Espitia L&#xE9;on, Enrique</subfield>
    <subfield code="4">aut</subfield>
    <subfield code="e">aut</subfield>
    <subfield code="9">660624</subfield>
  </datafield>
  <datafield tag="700" ind1="1" ind2="0">
    <subfield code="a">Bal&#xE1;n, Eduardo</subfield>
    <subfield code="4">aut</subfield>
    <subfield code="e">aut</subfield>
    <subfield code="9">652649</subfield>
  </datafield>
  <datafield tag="700" ind1="1" ind2="0">
    <subfield code="a">Santini, Alexandre</subfield>
    <subfield code="4">aut</subfield>
    <subfield code="e">aut</subfield>
    <subfield code="9">660625</subfield>
  </datafield>
  <datafield tag="700" ind1="1" ind2="0">
    <subfield code="a">Melguizo Posada, Jorge Humberto</subfield>
    <subfield code="4">aut</subfield>
    <subfield code="e">aut</subfield>
    <subfield code="9">445227</subfield>
  </datafield>
  <datafield tag="700" ind1="1" ind2="0">
    <subfield code="a">Atehort&#xFA;a Castro, Luis Alfredo</subfield>
    <subfield code="4">aut</subfield>
    <subfield code="e">aut</subfield>
    <subfield code="9">586609</subfield>
  </datafield>
  <datafield tag="942" ind1=" " ind2=" ">
    <subfield code="c">BOOK</subfield>
  </datafield>
  <datafield tag="999" ind1=" " ind2=" ">
    <subfield code="c">667631</subfield>
    <subfield code="d">667631</subfield>
  </datafield>
  <datafield tag="952" ind1=" " ind2=" ">
    <subfield code="0">0</subfield>
    <subfield code="1">0</subfield>
    <subfield code="4">0</subfield>
    <subfield code="7">0</subfield>
    <subfield code="8">GEN</subfield>
    <subfield code="a">BC</subfield>
    <subfield code="b">BC</subfield>
    <subfield code="d">2013-10-17</subfield>
    <subfield code="e">Material adquirido por donaci&#xF3;n</subfield>
    <subfield code="i">C1189628</subfield>
    <subfield code="l">0</subfield>
    <subfield code="o">306 F727c</subfield>
    <subfield code="p">0983886</subfield>
    <subfield code="r">2024-09-04 00:00:00</subfield>
    <subfield code="t">1</subfield>
    <subfield code="w">2023-05-02</subfield>
    <subfield code="y">BOOKR</subfield>
  </datafield>
</record>
